¿Por qué no logro ser asertivo? (Registro nro. 6357)
[ vista simple ]
| 000 -Cabecera | |
|---|---|
| Campo de control de longitud fija | 00580aam a2200229 4500 |
| 005 - Fecha y hora de la última transacción | |
| Campo de control | 20231010113036.0 |
| 008 - Elementos de longitud fija--Información general | |
| Campo de control de longitud fija | 150625b xxu||||| |||| 00| 0 spa d |
| 041 ## - Idioma | |
| Código de idioma | |
| 082 ## - Clasificación Decimal Dewey | |
| Número de clasificación | 155.23 C346p |
| 100 ## - Entrada principal--Autor personal | |
| Nombre personal | Castanyer, Olga |
| 9 (RLIN) | 37170 |
| 100 ## - Entrada principal--Autor personal | |
| Nombre personal | Ortega, Estela |
| 9 (RLIN) | 37171 |
| 245 ## - Título propiamente dicho | |
| Título | ¿Por qué no logro ser asertivo? |
| 250 ## - Edición | |
| Mención de edición | 3 edición. |
| 260 ## - Pie de imprenta | |
| Lugar de publicación, distribución, etc. | España |
| 260 ## - Pie de imprenta | |
| Nombre del editor, distribuidor, etc. | Desclee de Brouwer |
| 260 ## - Pie de imprenta | |
| Fecha de publicación, distribución, etc. | 2004 |
| 300 ## - Descripción física | |
| Extensión | 224 páginas |
| 650 ## - Materia general | |
| Temática (materia general) | SUPERACIÓN PERSONAL |
| 650 ## - Materia general | |
| Temática (materia general) | AUTOAYUDA |
| 650 ## - Materia general | |
| Temática (materia general) | AUTOESTIMA |
| 942 ## - Punto de acceso adicional KOHA | |
| Tipo de ítem KOHA | Literatura |
| Fuente del sistema de clasificación o colocación | Dewey Decimal Classification |
| Signatura completa | Código de barras | Tipo de ítem |
|---|---|---|
| 155.23 C346p | 5673 | Literatura |